书目信息 |
| 题名: |
ATC 010气相色谱分析技术
|
|
| 作者: | 刘虎威 主编 | |
| 分册: | ||
| 出版信息: | 北京 化学工业出版社 2024.07 |
|
| 页数: | 396页 | |
| 开本: | 26cm | |
| 丛书名: | CSTM/NTC专业试验与通用基础技术能力系列培训教材 | |
| 单 册: | ||
| 中图分类: | O657.7 | |
| 科图分类: | ||
| 主题词: | 气相色谱--qi xiang se pu--技术培训--教材 | |
| 电子资源: | ||
| ISBN: | 978-7-122-45187-3 | |
| 000 | 01319nam 2200277 450 | |
| 001 | 92958 | |
| 005 | 20250818171505.62 | |
| 010 | @a978-7-122-45187-3@dCNY128.00 | |
| 100 | @a20240704d2024 em y0chiy50 ea | |
| 101 | 0 | @achi |
| 102 | @aCN@b110000 | |
| 105 | @aak a 000yy | |
| 106 | @ar | |
| 200 | 1 | @aATC 010气相色谱分析技术@AATC 010 qi xiang se pu fen xi ji shu@f刘虎威主编 |
| 210 | @a北京@c化学工业出版社@d2024.07 | |
| 215 | @a396页@c图@d26cm | |
| 225 | 2 | @aCSTM/NTC专业试验与通用基础技术能力系列培训教材@ACSTM/NTC zhuan ye shi yan yu tong yong ji chu ji shu neng li xi lie pei xun jiao cai |
| 300 | @a中国工程院战略咨询项目 《科研试验结果可靠性评价的发展战略研究》成果 国家科技基础条件平台建设项目 《全国分析检测人员能力培训与考核体系》成果 | |
| 320 | @a有书目 (第388-392页) | |
| 330 | @a本书包括气相色谱基础、气相色谱仪器与操作、顶空气相色谱和裂解气相色谱、气相色谱新技术及其应用、气相色谱分析方法开发与验证、气相色谱的应用等内容。本书涵盖了从事气相色谱分析工作的检测人员需要掌握的理论、仪器和应用的通用基础与专业试验知识, 并附有思考题。 | |
| 410 | 0 | @12001 @aCSTM/NTC专业试验与通用基础技术能力系列培训教材 |
| 606 | 0 | @a气相色谱@Aqi xiang se pu@x技术培训@j教材 |
| 690 | @aO657.7@v5 | |
| 701 | 0 | @a刘虎威@Aliu hu wei@4主编 |
| 801 | 0 | @aCN@c20250909 |
| 905 | @a河南城建学院图书馆@dO657.7@eL620@f1 | |
| ATC 010气相色谱分析技术/刘虎威主编.-北京:化学工业出版社,2024.07 |
| 396页:图;26cm.-(CSTM/NTC专业试验与通用基础技术能力系列培训教材) |
| 中国工程院战略咨询项目 《科研试验结果可靠性评价的发展战略研究》成果 国家科技基础条件平台建设项目 《全国分析检测人员能力培训与考核体系》成果 |
| ISBN 978-7-122-45187-3:CNY128.00 |
| 本书包括气相色谱基础、气相色谱仪器与操作、顶空气相色谱和裂解气相色谱、气相色谱新技术及其应用、气相色谱分析方法开发与验证、气相色谱的应用等内容。本书涵盖了从事气相色谱分析工作的检测人员需要掌握的理论、仪器和应用的通用基础与专业试验知识, 并附有思考题。 |
| ● |
| 相关链接 |
|
|
|
正题名:ATC 010气相色谱分析技术
索取号:O657.7/L620
 
预约/预借
| 序号 | 登录号 | 条形码 | 馆藏地/架位号 | 状态 | 备注 |
| 1 | 1626916 | 216269160 | 自科库401/401自科库 66排1列5层/ [索取号:O657.7/L620] | 在馆 |